| 000 | 00479nam a2200169Ia 4500 | ||
|---|---|---|---|
| 999 |
_c10398 _d10398 |
||
| 003 | OSt | ||
| 005 | 20220316190546.0 | ||
| 008 | 220308s9999 xx 000 0 und d | ||
| 020 | _a9781864705935 | ||
| 082 |
_a720.483 _bWOO |
||
| 100 | _aWood, Antony, 1970- | ||
| 245 | 0 | _aGreen walls in high-rise buildings : an output of the CTBUH Sustainability Working Group | |
| 260 | _b Images Publishing Group Pty Ltd (1 October 2014) | ||
| 365 | _cUSD | ||
| 365 | _d55 | ||
| 942 | _2ddc | ||